UM Logo

Bakas alingawngaw : (Record no. 23746)

MARC details
000 -LEADER
fixed length control field 00525nam a22001577a 4500
005 - DATE AND TIME OF LATEST TRANSACTION
control field 20250918084957.0
008 - FIXED-LENGTH DATA ELEMENTS--GENERAL INFORMATION
fixed length control field 250912b |||||||| |||| 00| 0 eng d
020 ## - INTERNATIONAL STANDARD BOOK NUMBER
International Standard Book Number 9789715509015
082 ## - DEWEY DECIMAL CLASSIFICATION NUMBER
Classification number DFil 899.2111 Sa585 2019
100 ## - MAIN ENTRY--PERSONAL NAME
Personal name San Juan, E.,Jr.
9 (RLIN) 11084
245 ## - TITLE STATEMENT
Title Bakas alingawngaw :
Remainder of title talinghaga't taludtod sa panahon ng globalisasyon /
Statement of responsibility, etc. E. San Juan Jr.
260 ## - PUBLICATION, DISTRIBUTION, ETC. (IMPRINT)
Place of publication, distribution, etc. Quezon City :
Name of publisher, distributor, etc. Bughaw,
Date of publication, distribution, etc. ©2019.
300 ## - PHYSICAL DESCRIPTION
Extent vii, 76 pages :
Other physical details illustrations ;
Dimensions 21 cm.
650 #0 - SUBJECT ADDED ENTRY--TOPICAL TERM
Topical term or geographic name as entry element Filipino poetry.
9 (RLIN) 67722
942 ## - ADDED ENTRY ELEMENTS (KOHA)
Source of classification or shelving scheme Dewey Decimal Classification
Koha item type Filipiniana
Holdings
Withdrawn status Lost status Source of classification or shelving scheme Damaged status Not for loan Collection code Home library Current library Date acquired Source of acquisition Cost, normal purchase price Total Checkouts Full call number Barcode Date last seen Price effective from Koha item type
    Dewey Decimal Classification     Filipiniana UM Digos College - LIC UM Digos College - LIC 08/11/2025 Purchased 1239.00   DFil 899.2111 Sa585 2019 28774 09/12/2025 09/12/2025 Filipiniana